000 00356ncm a2200145 a 4500
020 _a(hb)
082 _a925
_bSco
100 1 _aScott,s
_950474
245 1 _aScott,s last expedition
_bScott,s
260 _aLondon :
_bmacmillan and co.,
_c1913
300 _a320p.
526 _a0
_b0
_c0
_d925_000000000000000_SCO
650 _aMCE
_9379
942 _2ddc
_cBK
999 _c553211
_d553211